000 01477cam a2200373 a 4500
001 EDZ0000020838
003 StDuBDS
005 20161031105216.0
006 m||||||||d||||||||
007 cr |||||||||||
008 110126s2010 enka fo| 001|0|eng|d
020 _a9781446200919 (ebook) :
_cNo price
040 _aStDuBDS
_beng
_cStDuBDS
_epn
049 _aAlfaisal Main Library
050 0 _aHM1091
_b.S24 2010
082 0 4 _a303.385
_223
245 0 4 _aThe SAGE handbook of prejudice, stereotyping and discrimination
_h[electronic resource] /
_cedited by John Dovidio ... [et al.].
246 3 0 _aPrejudice, stereotyping and discrimination
260 _aLondon :
_bSAGE,
_cc2010.
300 _a1 online resource (xxv, 646 p.) :
_bill.
520 8 _aThis title provides comprehensive coverage on the state of research, critical analysis and promising avenues for further study on prejudice, stereotyping and discrimination.
521 _aSpecialized.
588 _aDescription based on print version record.
504 _aIncludes bibliographical references and index.
650 0 _aPrejudices.
650 0 _aStereotypes (Social psychology)
650 0 _aDiscrimination.
655 7 _aElectronic books.
_2local
700 1 _aDovidio, John F.
710 2 _aSage eBooks
776 0 8 _iPrint version :
_z9781412934534
856 4 0 _uhttp://ezproxy.alfaisal.edu/login?url=http://sk.sagepub.com/reference/hdbk_prejudicestereotypediscrim
942 _2lcc
_cEBOOKS
999 _c481746
_d481746